00293nam a2200121Ia 4500008004100000100001000041245005500051260002200106300000900128650001200137942000700149999001500156190216s9999||||xx |||||||||||||| ||und|| aRam B 0aFundamentals Of Micorprocessor And Micro Computers bDhanpat Raic1998 a490p aPhysics cBK c8596d8596